| 000 | 00710cab a2200241 4500 | ||
|---|---|---|---|
| 001 | WB3319-30 | ||
| 008 | 090401t1997 xxu||||| |||| 00| 0 eng d | ||
| 035 | _a(Sirsi) u78375 | ||
| 041 | _aeng | ||
| 245 | _aDBFO set to be axed | ||
| 260 | _c1997 | ||
| 350 | _a0 | ||
| 490 |
_aConstruction News _v(6515) 15 May 1997, 1&80(1) |
||
| 520 | _aThe Labour Government is considering scrapping the design, build, finance and operate (DBFO) scheme for road building. | ||
| 650 | _aDBFO | ||
| 650 | _aPFI | ||
| 650 | _aPRIVATE FINANCE INITIATIVE | ||
| 650 | _aROADBUILDING | ||
| 650 | _aTRANSPORT INFRASTRUCTURE | ||
| 690 | _aPROPERTY-PROPERTY FINANCE AND INVESTMENT | ||
| 942 | _n0 | ||
| 948 | _c16/05/1997 | ||
| 999 |
_c49327 _d49327 |
||